[Event "Open"]
[Site "Pula CRO"]
[Date "2009.06.29"]
[Round "3"]
[White "Pomaro,A"]
[Black "Saric,A"]
[Result "1-0"]
[WhiteElo "2278"]
[BlackElo "2502"]
[EventDate "2009.06.27"]

1. e4 c5 2. Nf3 e6 3. d4 cxd4 4. Nxd4 a6 5. Bd3 Bc5 6. Nb3 Be7 7. O-O d6 8.
Nc3 Nf6 9. f4 Nbd7 10. Qe2 e5 11. Nd5 Nxd5 12. exd5 O-O 13. c4 Bf6 14. Be3
exf4 15. Bxf4 Be5 16. Kh1 g6 17. c5 Bxf4 18. Rxf4 dxc5 19. d6 Nf6 20. Qe5
Ne8 21. Nxc5 Nxd6 22. Rd4 Re8 23. Qxd6 Qxd6 24. Rxd6 Bg4 25. h3 Be2 26. Ne4
Kg7 27. Bxe2 Rxe4 28. Bf3 Re7 29. Rad1 Rc8 30. Rd7 Rc7 31. Rxe7 Rxe7 32.
Kh2 Re6 33. Rd7 b6 34. Rc7 Re5 35. Kg3 Rb5 36. b3 Ra5 37. Rc2 Kf6 38. a4
Ke5 39. Rc7 b5 40. Rc5+ Kd4 41. Rd5+ Kc3 42. Bd1 Kb4 43. Kf4 f6 44. Ke3 Kc3
45. Rd3+ Kb4 46. Rd5 Kc3 47. Rc5+ Kb4 48. Kd4 f5 49. Rd5 h6 50. Re5 1-0

[Event "Open"]
[Site "Pula CRO"]
[Date "2009.06.29"]
[Round "3"]
[White "Dimitrijevic,Da"]
[Black "Martinovic,Sa"]
[Result "1-0"]
[WhiteElo "2256"]
[BlackElo "2483"]
[EventDate "2009.06.27"]

1. c4 e5 2. g3 Nc6 3. Bg2 d6 4. Nc3 g6 5. e3 Bg7 6. Nge2 h5 7. h4 Nh6 8. d3
O-O 9. Qb3 Bd7 10. Bd2 Rb8 11. a4 Ne7 12. Qa3 Bf5 13. Ne4 Qd7 14. N2c3 Rfd8
15. Nd5 Nxd5 16. cxd5 f6 17. O-O Nf7 18. Rfc1 c6 19. d4 exd4 20. dxc6 bxc6
21. exd4 Re8 22. Re1 Be6 23. Bb4 Red8 24. Rad1 Bd5 25. Ba5 Rb3 26. Qa1 Rdb8
27. Bc3 R3b7 28. Nd2 Bxg2 29. Kxg2 f5 30. Nf3 f4 31. Qb1 Kh7 32. Qe4 fxg3
33. fxg3 d5 34. Qe6 Bh6 35. Qxd7 Rxd7 36. Re6 Rd6 37. Re7 Kg8 38. Rf1 Rf6
39. Rxa7 Re8 40. a5 Nd6 41. a6 Nb5 42. Rb7 Ra8 43. Ra1 Be3 44. a7 Rf7 45.
Rxf7 Kxf7 46. Ne5+ Ke6 47. Nxc6 Kd6 48. Ra6 Nxc3 49. bxc3 Kc7 50. Nb4 Kb7
51. Re6 Bd2 52. Re7+ Kb6 53. Nxd5+ Kc6 54. c4 g5 55. Re6+ Kb7 56. Re2 Bc1
57. Re7+ Kc6 58. hxg5 Bxg5 59. Rc7+ Kd6 60. Rg7 Bd8 61. Kf3 Ba5 62. Ke4
Re8+ 63. Re7 Rg8 64. c5+ Kc6 65. Nf6 Ra8 66. Nxh5 Bd8 67. Rf7 Bc7 68. d5+
1-0

[Event "Open"]
[Site "Pula CRO"]
[Date "2009.06.29"]
[Round "3"]
[White "Sebenik,M"]
[Black "Pogosian,Vl"]
[Result "1-0"]
[WhiteElo "2482"]
[BlackElo "2274"]
[EventDate "2009.06.27"]

1. c4 f5 2. Nc3 Nf6 3. g3 e5 4. Bg2 Nc6 5. d3 Bc5 6. e3 f4 7. exf4 d6 8.
Nge2 O-O 9. h3 Qe8 10. Ne4 Nxe4 11. Bxe4 exf4 12. Bxf4 Bf5 13. f3 Qe7 14.
Qd2 Nd4 15. Nxd4 Bxd4 16. O-O-O Rab8 17. Rde1 Qd7 18. Be3 Bxe4 19. dxe4
Bxe3 20. Rxe3 b5 21. Qd5+ Kh8 22. c5 b4 23. cxd6 cxd6 24. Kb1 Rbc8 25. Rd3
Qc7 26. Qb3 Qc5 27. Rhd1 h6 28. f4 Rfe8 29. Rd5 Qf2 30. R5d2 Qc5 31. Rc2
Qb6 32. Rc4 a5 33. a4 Rxc4 34. Qxc4 Qe3 35. Rxd6 Qxe4+ 36. Qxe4 Rxe4 37.
Rd3 g5 38. fxg5 hxg5 39. Kc2 Rc4+ 40. Kd2 Rc5 41. Ke3 Kg7 42. Ke4 Rc4+ 43.
Rd4 Rc2 44. Rd5 g4 45. h4 Rxb2 46. Rxa5 Ra2 47. Kf5 b3 48. Kg5 b2 49. Ra7+
Kg8 50. Rb7 Rxa4 51. Rxb2 Ra5+ 52. Kxg4 Kg7 53. Rb7+ Kh6 54. Rb6+ Kg7 55.
h5 Rc5 56. Kh4 Ra5 57. g4 Rc5 58. Rb7+ Kg8 59. h6 1-0

[Event "Open"]
[Site "Pula CRO"]
[Date "2009.06.29"]
[Round "3"]
[White "Medic,Milj"]
[Black "Fercec,N"]
[Result "1/2-1/2"]
[WhiteElo "2244"]
[BlackElo "2478"]
[EventDate "2009.06.27"]

1. d4 Nf6 2. c4 g6 3. Nc3 d5 4. Nf3 Bg7 5. cxd5 Nxd5 6. e4 Nxc3 7. bxc3 c5
8. Rb1 O-O 9. Be2 b6 10. O-O Bb7 11. Qd3 e6 12. Qe3 Nd7 13. e5 Qc7 14. Ba3
a6 15. Nd2 b5 16. Nb3 b4 17. cxb4 cxd4 18. Nxd4 Nxe5 19. b5 Rfd8 20. b6 Qd7
21. Nf3 Nxf3+ 22. Bxf3 Bd4 23. Qb3 Rab8 24. Rfd1 e5 25. Bc5 Qf5 26. Bxd4
Rxd4 27. Bxb7 Rxb7 28. a4 a5 29. Qb5 Rxd1+ 30. Rxd1 Qe6 31. Rb1 Qf5 32. h3
h5 33. Rc1 e4 34. Qe8+ Kh7 35. Rc8 Qf6 36. Rc7 Qa1+ 37. Kh2 Qf6 38. Rxb7
Qf4+ 39. Kg1 Qc1+ 1/2-1/2

[Event "Open"]
[Site "Pula CRO"]
[Date "2009.06.29"]
[Round "3"]
[White "Doric,D"]
[Black "Hess,C1"]
[Result "1-0"]
[WhiteElo "2468"]
[BlackElo "2262"]
[EventDate "2009.06.27"]

1. d4 d5 2. c4 c6 3. Nc3 Nf6 4. Nf3 dxc4 5. a4 Bf5 6. Nh4 Bg4 7. h3 Bh5 8.
g4 Bg6 9. Nxg6 hxg6 10. e4 e5 11. Bxc4 exd4 12. e5 Bb4 13. exf6 Qxf6 14.
O-O Rxh3 15. Kg2 Qh4 16. Bf4 dxc3 17. Bg3 1-0

[Event "Open"]
[Site "Pula CRO"]
[Date "2009.06.29"]
[Round "3"]
[White "Leitner,G"]
[Black "Loncar,R"]
[Result "0-1"]
[WhiteElo "2241"]
[BlackElo "2435"]
[EventDate "2009.06.27"]

1. d4 d5 2. c4 dxc4 3. Nf3 Nf6 4. e3 a6 5. Bxc4 e6 6. O-O Nbd7 7. a4 c5 8.
Nc3 Qc7 9. Qe2 Be7 10. d5 exd5 11. Bxd5 O-O 12. e4 Bd6 13. h3 Ne5 14. Nd2
Nxd5 15. Nxd5 Qd8 16. f4 Nc6 17. Nc4 Nd4 18. Qd3 Be6 19. Ncb6 Rb8 20. Be3
f5 21. Bxd4 cxd4 22. Qxd4 fxe4 23. Rad1 Kh8 24. b4 Bxd5 25. Nxd5 Qe8 26. a5
Rd8 27. Rfe1 Qa4 28. Rxe4 Bxf4 29. Re7 Bh6 30. Rd3 Qc6 31. Qe5 Qc1+ 32. Kh2
Qc6 33. Re6 Qc1 34. Rd4 Qg5 35. Re4 Rxd5 36. Re8 Qxe5+ 0-1

[Event "Open"]
[Site "Pula CRO"]
[Date "2009.06.29"]
[Round "3"]
[White "Rukavina,J"]
[Black "Frank,Pa"]
[Result "1-0"]
[WhiteElo "2423"]
[BlackElo "2249"]
[EventDate "2009.06.27"]

1. Nf3 Nf6 2. d4 g6 3. Nbd2 d5 4. e3 Bg7 5. b4 O-O 6. c4 a5 7. b5 dxc4 8.
Bxc4 c6 9. Ba3 cxb5 10. Bxb5 Bd7 11. Bxd7 Nbxd7 12. Qb3 Rb8 13. Qb5 Ne8 14.
Rc1 b6 15. O-O Nc7 16. Qc6 Ne8 17. Rb1 Rc8 18. Bxe7 Rxc6 19. Bxd8 Nd6 20.
Be7 b5 21. Bxd6 1-0

[Event "Open"]
[Site "Pula CRO"]
[Date "2009.06.29"]
[Round "3"]
[White "Skrbin,K"]
[Black "Franic,M"]
[Result "0-1"]
[WhiteElo "2239"]
[BlackElo "2421"]
[EventDate "2009.06.27"]

1. Nf3 b6 2. d4 Bb7 3. e3 Nf6 4. Bd3 c5 5. O-O g6 6. c3 Bg7 7. Re1 d5 8.
Nbd2 O-O 9. Ne5 Ne8 10. e4 cxd4 11. cxd4 Nd6 12. exd5 Bxd5 13. b3 Nc6 14.
Bb2 Nb4 15. Bb1 Bb7 16. a3 Nd5 17. Bd3 Nf4 18. Bf1 Nf5 19. Ndf3 Qd5 20. Bc4
Qd6 21. Bf1 Rad8 22. Qd2 Ne6 23. Rad1 Bxf3 24. Nxf3 Nexd4 25. Nxd4 Bxd4 26.
Qc1 e5 27. Bxd4 Nxd4 28. Qb2 Qf6 29. a4 Rd6 30. Bc4 Rfd8 31. Rd3 e4 0-1

[Event "Open"]
[Site "Pula CRO"]
[Date "2009.06.29"]
[Round "3"]
[White "Zivkovic,Vj"]
[Black "Guenthner,O"]
[Result "0-1"]
[WhiteElo "2413"]
[BlackElo "2248"]
[EventDate "2009.06.27"]

1. e4 c5 2. Nf3 d6 3. d4 cxd4 4. Nxd4 Nf6 5. Nc3 a6 6. h3 e5 7. Nf3 h6 8.
Bc4 b5 9. Bd5 Nxd5 10. Qxd5 Ra7 11. Nxe5 dxe5 12. Qxe5+ Be6 13. Be3 Nc6 14.
Qg3 Rd7 15. O-O Bd6 16. f4 O-O 17. e5 Be7 18. f5 Bh4 19. Qg4 Nxe5 20. Qh5
Bc4 21. Rfd1 Bg5 22. Bf2 g6 23. Rxd7 Qxd7 24. fxg6 fxg6 25. Qd1 Qf5 26. Qd4
Qxc2 27. Ne4 Nc6 0-1

[Event "Open"]
[Site "Pula CRO"]
[Date "2009.06.29"]
[Round "3"]
[White "Sevo,I"]
[Black "Barle,J"]
[Result "1-0"]
[WhiteElo "2234"]
[BlackElo "2411"]
[EventDate "2009.06.27"]

1. e4 c5 2. Nf3 a6 3. d4 cxd4 4. Nxd4 Nf6 5. Nc3 e5 6. Nb3 Bb4 7. Bg5 Qc7
8. Qf3 Bxc3+ 9. bxc3 d6 10. Bxf6 gxf6 11. Be2 Be6 12. O-O Nd7 13. Rfd1 Ke7
14. Nd2 b5 15. a4 bxa4 16. Rxa4 a5 17. Nf1 Rac8 18. Ra3 Qc5 19. Rda1 Rb8
20. c4 Nb6 21. h3 Bxc4 22. Bxc4 Nxc4 23. Rc3 Rbc8 24. Rxc4 Qxc4 25. Ne3 Qe6
26. Nd5+ Kd8 27. Qg3 Rb8 28. Ra4 Rb1+ 29. Kh2 Kd7 30. Qd3 f5 31. exf5 Qh6
32. Rc4 Qc1 33. Rc7+ Ke8 34. Qc4 Kf8 35. Ne3 1-0

[Event "Open"]
[Site "Pula CRO"]
[Date "2009.06.29"]
[Round "3"]
[White "Ljubicic,F"]
[Black "Medancic,R"]
[Result "1-0"]
[WhiteElo "2406"]
[BlackElo "2238"]
[EventDate "2009.06.27"]

1. e4 e5 2. Nf3 Nc6 3. Bb5 Nf6 4. O-O Be7 5. Re1 d6 6. c3 Bd7 7. d4 O-O 8.
Ba4 Re8 9. Bb3 h6 10. Nbd2 Bf8 11. h3 a6 12. a3 b5 13. Bc2 g6 14. Nf1 Bg7
15. d5 Ne7 16. a4 Nh7 17. c4 f5 18. exf5 gxf5 19. c5 bxa4 20. Ng3 Nf6 21.
c6 Bc8 22. Rxa4 Kh8 23. Nh4 f4 24. Nh5 Rf8 25. Nxf4 Kg8 26. Nhg6 Nxg6 27.
Nxg6 Rf7 28. Rh4 Rb8 29. Bxh6 Bxh6 30. Rxh6 Kg7 31. Rh4 Ng8 32. Qh5 Kf6 1-0

[Event "Open"]
[Site "Pula CRO"]
[Date "2009.06.29"]
[Round "3"]
[White "Smith,Ax"]
[Black "De Verdier,M"]
[Result "1-0"]
[WhiteElo "2383"]
[BlackElo "2229"]
[EventDate "2009.06.27"]

1. c4 Nf6 2. Nc3 e6 3. e4 d5 4. e5 d4 5. exf6 dxc3 6. bxc3 Qxf6 7. d4 e5 8.
Qe2 Bd6 9. Nf3 Nd7 10. Nxe5 O-O 11. Ng4 Qg6 12. Ne3 c5 13. Qg4 cxd4 14.
Qxg6 fxg6 15. cxd4 Bb4+ 16. Bd2 Bxd2+ 17. Kxd2 Rxf2+ 18. Be2 Nf6 19. Kd3
Bf5+ 20. Nxf5 gxf5 21. Bf3 Ne4 22. Rhf1 Rd2+ 23. Ke3 Rc2 24. Rfc1 Rxc1 25.
Rxc1 Re8 26. Bxe4 Rxe4+ 27. Kd3 Kf7 28. Rb1 b6 29. a4 Rg4 30. a5 bxa5 31.
g3 h5 32. c5 Ke6 33. Kc4 h4 34. gxh4 Rxh4 35. Rg1 Re4 36. Rxg7 f4 37. c6
Re1 38. d5+ Kf6 39. d6 Rc1+ 40. Kb5 Kxg7 41. d7 Rd1 42. c7 Rxd7 43. c8=Q
Rf7 44. Qc3+ Kg6 45. Qf3 Rf5+ 46. Kc4 a4 47. Kb4 a5+ 48. Kxa4 Kf6 49. Kb3
Kg5 50. Kc4 Kg6 51. Kd3 Kf6 52. h4 Kg6 53. Ke4 Rf7 54. Qg4+ Kh7 55. Qh5+
Kg7 56. Kf3 1-0

[Event "Open"]
[Site "Pula CRO"]
[Date "2009.06.29"]
[Round "3"]
[White "Frouth,N"]
[Black "Biti,O"]
[Result "1/2-1/2"]
[WhiteElo "2200"]
[BlackElo "2356"]
[EventDate "2009.06.27"]

1. d4 d6 2. f4 Nf6 3. Nf3 g6 4. e3 Bg7 5. Bd3 O-O 6. O-O Nbd7 7. c3 e5 8.
Qc2 Qe7 9. fxe5 dxe5 10. e4 c5 11. Bg5 cxd4 12. cxd4 exd4 13. Nbd2 Qc5 14.
Rac1 Qxc2 15. Rxc2 Ng4 16. Nc4 Nc5 17. Rd1 Nxd3 18. Rxd3 Be6 19. Nd6 Bxa2
20. Rc7 Ne5 21. Ra3 Nxf3+ 22. gxf3 Be6 23. f4 f6 24. Bh4 Rfd8 25. e5 Rf8
26. f5 Bxf5 27. Nxf5 gxf5 28. e6 f4 29. Rxb7 Rfe8 30. Ra6 d3 31. Kf2 d2 32.
Ke2 Red8 33. Rd7 Rxd7 34. exd7 Rd8 35. Rxa7 Kf7 36. Kxd2 Ke6 37. Ke2 Rxd7
38. Rxd7 Kxd7 39. Kf3 f5 1/2-1/2

[Event "Open"]
[Site "Pula CRO"]
[Date "2009.06.29"]
[Round "3"]
[White "Brumen,D"]
[Black "Jelica,M"]
[Result "1/2-1/2"]
[WhiteElo "2355"]
[BlackElo "2228"]
[EventDate "2009.06.27"]

1. d4 c5 2. d5 g6 3. Bd2 Bg7 4. Bc3 Nf6 5. e4 d6 6. Nd2 O-O 7. Ngf3 e6 8.
Bc4 exd5 9. exd5 Re8+ 10. Kf1 Nbd7 11. Kg1 Nb6 12. Ba5 Qe7 13. Bxb6 axb6
14. h3 Bd7 15. Qf1 b5 16. Bxb5 Nxd5 17. Re1 Qd8 18. Rxe8+ Qxe8 19. Bxd7
Qxd7 20. Qb1 b5 21. Kh2 Qf5 22. c4 Qxb1 23. Rxb1 bxc4 24. Nxc4 Rxa2 25. Rd1
Nb4 26. Rxd6 Bxb2 27. Rd8+ Kg7 28. Rd7 Bc1 29. Kg3 g5 30. Kg4 Rxf2 31. Nd6
Rxg2+ 32. Kh5 Re2 33. Rxf7+ Kg8 34. Rb7 Nd5 35. Nxg5 Nf6+ 36. Kh6 Bxg5+ 37.
Kxg5 Ne4+ 38. Nxe4 Rxe4 39. Rc7 c4 40. h4 Rd4 41. h5 Rd5+ 42. Kf6 Rd6+ 43.
Ke7 Rh6 44. Rc5 Ra6 45. Rg5+ Kh8 46. Rc5 Kg7 47. Rxc4 Ra5 48. Rh4 Re5+ 49.
Kd6 Re2 50. Kd5 Kh6 51. Rh1 Kg5 52. h6 Kg6 53. Rh3 Kf5 54. Rf3+ Kg5 55. Rh3
Ra2 56. Ke5 Ra5+ 57. Ke4 Ra6 58. Rh1 Rxh6 59. Rxh6 Kxh6 60. Kf4 Kh5 1/2-1/2

[Event "Open"]
[Site "Pula CRO"]
[Date "2009.06.29"]
[Round "3"]
[White "Saradjen,J"]
[Black "Schachinger,M"]
[Result "0-1"]
[WhiteElo "2128"]
[BlackElo "2350"]
[EventDate "2009.06.27"]

1. e4 c5 2. Nf3 d6 3. d4 cxd4 4. c3 Nf6 5. Bd3 dxc3 6. Nxc3 Nc6 7. Bc4 e6
8. O-O Be7 9. Bg5 O-O 10. Qe2 a6 11. Rfd1 e5 12. h3 Be6 13. Rac1 Rc8 14.
Bd3 Qd7 15. Bb1 b5 16. Nd5 Bxd5 17. exd5 Na5 18. b3 Rxc1 19. Rxc1 Rc8 20.
Rd1 Bd8 21. Nd2 Ne8 22. Qh5 g6 23. Qh6 Bxg5 24. Qxg5 Kg7 25. Nf1 h6 26. Qg3
Qe7 27. Ne3 Qg5 28. Qf3 Rc7 29. g3 Qf6 30. Qe2 Qd8 31. Ng4 h5 32. Ne3 Qc8
33. Kh2 Rc1 34. g4 Rxd1 35. Qxd1 hxg4 36. hxg4 Qc3 37. Qf3 Qb2 38. Bc2 Nb7
39. a4 Nc5 40. axb5 axb5 41. g5 Qd4 42. Kg1 Qh4 43. Qg2 Qf4 44. b4 Qxb4 45.
Qh3 Kf8 46. Qh8+ Ke7 47. Bxg6 fxg6 48. Qh7+ Kd8 49. Qxg6 Ne4 50. Kg2 Nd2
51. Qf7 Qf4 52. Qg6 Qf3+ 53. Kg1 Ne4 54. Qf5 Qxf5 55. Nxf5 b4 56. Ne3 Nxg5
57. Kf1 Kc7 58. Ke2 Kb6 59. Kd3 Kc5 60. Nc2 Nf6 0-1

[Event "Open"]
[Site "Pula CRO"]
[Date "2009.06.29"]
[Round "3"]
[White "Doric,N"]
[Black "Pandurevic,M"]
[Result "1/2-1/2"]
[WhiteElo "2344"]
[BlackElo "2226"]
[EventDate "2009.06.27"]

1. e4 e6 2. d4 d5 3. Nd2 dxe4 4. Nxe4 Bd7 5. c4 Nf6 6. Nc3 c5 7. d5 Qa5 8.
Bd2 Qb6 9. Bd3 Na6 10. a3 Nc7 11. dxe6 1/2-1/2

[Event "Open"]
[Site "Pula CRO"]
[Date "2009.06.29"]
[Round "3"]
[White "Gergacz,A"]
[Black "Sargac,R"]
[Result "1-0"]
[WhiteElo "2323"]
[BlackElo "2209"]
[EventDate "2009.06.27"]

1. e4 e6 2. d4 d5 3. e5 c5 4. c3 Nc6 5. Nf3 Qb6 6. Bd3 Bd7 7. dxc5 Qc7 8.
Qe2 Bxc5 9. O-O a6 10. Bf4 Nge7 11. Bg3 Ng6 12. Nbd2 O-O 13. Nb3 Ba7 14.
Ng5 h6 15. Nf3 Rac8 16. Rae1 Nce7 17. Nfd4 a5 18. Nc2 Qb6 19. Ne3 a4 20.
Nd4 Nc6 21. Nxc6 Qxc6 22. Qh5 a3 23. Ng4 axb2 24. Nf6+ Kh8 25. Bxg6 Qxc3
26. Bb1 Qd2 27. Nxd7 Rc1 28. Rd1 Rxb1 29. Nxf8 Rxd1 30. Qxd1 Qb4 31. Nd7
Bd4 32. Qb3 Qd2 33. Qd1 Qb4 34. Qd3 Bc3 35. a3 Qxa3 36. Nb6 Ba5 37. Qxa3
1-0

[Event "Open"]
[Site "Pula CRO"]
[Date "2009.06.29"]
[Round "3"]
[White "Schulze,U"]
[Black "Pappenheim,R"]
[Result "1-0"]
[WhiteElo "2315"]
[BlackElo "2067"]
[EventDate "2009.06.27"]

1. d4 Nf6 2. Nf3 c5 3. c4 g6 4. g3 Bg7 5. Bg2 d6 6. O-O O-O 7. Nc3 Nbd7 8.
h3 a6 9. e4 cxd4 10. Nxd4 Qc7 11. b3 Rb8 12. Be3 b6 13. Nd5 Nxd5 14. cxd5
Bb7 15. Rc1 Qd8 16. Nc6 Bxc6 17. dxc6 Nc5 18. c7 Qxc7 19. b4 Rfc8 20. bxc5
dxc5 21. Qa4 a5 22. Qc4 e6 23. f4 Bf8 24. a4 Rb7 25. e5 Rbb8 26. Rfd1 Rd8
27. Be4 Be7 28. Kf2 Kg7 29. Qb5 Bf8 30. Ke2 h5 31. Rxd8 Rxd8 32. Rb1 h4 33.
g4 g5 34. Qxb6 Qd7 35. fxg5 Qxa4 36. Qxd8 Qxe4 37. Rb8 Qg2+ 38. Ke1 Qh1+
39. Kd2 Qg2+ 40. Kc3 1-0

[Event "Open"]
[Site "Pula CRO"]
[Date "2009.06.29"]
[Round "3"]
[White "Zelic,Ml"]
[Black "Mottonen,A"]
[Result "1-0"]
[WhiteElo "2313"]
[BlackElo "2056"]
[EventDate "2009.06.27"]

1. e4 d5 2. exd5 Qxd5 3. d4 c6 4. Nf3 Bg4 5. Be2 Nf6 6. O-O e6 7. c4 Qa5 8.
Bf4 Be7 9. Nc3 O-O 10. h3 Bh5 11. Ne5 Bxe2 12. Qxe2 Re8 13. a3 Qb6 14. Rfd1
a5 15. Rd3 Nbd7 16. Rad1 Rad8 17. g4 Nf8 18. R1d2 N6d7 19. Nxd7 Rxd7 20. d5
cxd5 21. cxd5 Red8 22. dxe6 fxe6 23. Rxd7 Rxd7 24. Rxd7 Nxd7 25. Nd5 exd5
26. Qxe7 Qf6 27. Qxd7 Qxf4 28. Qxd5+ Qf7 29. Qd8+ Qf8 30. Qxf8+ Kxf8 31.
Kg2 Ke7 32. Kf3 Kd6 33. Ke4 Kc5 34. f4 b5 35. f5 b4 36. axb4+ Kxb4 37. g5
1-0

[Event "Open"]
[Site "Pula CRO"]
[Date "2009.06.29"]
[Round "3"]
[White "Draganic,S"]
[Black "Medic,Mir"]
[Result "1/2-1/2"]
[WhiteElo "2113"]
[BlackElo "2313"]
[EventDate "2009.06.27"]

1. d4 d5 2. Bf4 Nf6 3. e3 Bf5 4. Bd3 Bxd3 5. cxd3 c6 6. Nc3 e6 7. Nf3 Bd6
8. Bg3 Bxg3 9. hxg3 Nbd7 10. Qb3 Qb6 11. Qxb6 axb6 12. a3 O-O 13. Kd2
1/2-1/2

[Event "Open"]
[Site "Pula CRO"]
[Date "2009.06.29"]
[Round "3"]
[White "Siljan,M"]
[Black "Papp,Ga"]
[Result "0-1"]
[WhiteElo "2050"]
[BlackElo "2524"]
[EventDate "2009.06.27"]

1. e4 c5 2. c3 d5 3. exd5 Qxd5 4. d4 Nf6 5. Nf3 e6 6. Be2 Be7 7. O-O O-O 8.
c4 Qd8 9. Nc3 Na6 10. a3 b6 11. Ne5 Bb7 12. Bf3 Bxf3 13. Nxf3 Rc8 14. Nb5
cxd4 15. b3 Qd7 16. Ne5 Qb7 17. Qxd4 Nc5 18. Qe3 Rfd8 19. Bb2 a6 20. Nd4 b5
21. cxb5 axb5 22. Rac1 Nd5 23. Qf3 Bd6 24. Nd3 Nxd3 25. Rxc8 Rxc8 26. Qxd3
Nf4 27. Qf3 Qxf3 28. Nxf3 Nd3 29. Ba1 Bxa3 30. Nd4 Bc5 31. Rd1 Bxd4 32.
Bxd4 Rc1 33. Rxc1 Nxc1 0-1

[Event "Open"]
[Site "Pula CRO"]
[Date "2009.06.29"]
[Round "3"]
[White "Drazic,S"]
[Black "Raguz,Dari"]
[Result "1/2-1/2"]
[WhiteElo "2533"]
[BlackElo "2174"]
[EventDate "2009.06.27"]

1. e3 Nf6 2. Nf3 b6 3. d4 e6 4. Bd3 Bb7 5. O-O c5 6. Nbd2 Be7 7. Re1 cxd4
8. exd4 d6 9. c3 O-O 10. Qe2 Re8 11. a4 a6 12. Nf1 Nbd7 13. Ng3 Nf8 14. Ng5
Qd7 15. f4 Bc6 16. a5 b5 17. Nh5 Nxh5 18. Qxh5 g6 19. Qg4 f5 20. Qg3 Bf6
21. Be3 Bd5 22. h3 Ra7 23. Kh2 Qc6 24. Be2 Rae7 25. Nf3 Rg7 26. Qf2 h5 27.
Rac1 Bd8 28. b4 Bxf3 29. Bxf3 d5 30. g4 hxg4 31. hxg4 Rh7+ 32. Kg2 Bh4 33.
Qe2 Bxe1 34. Qxe1 Nd7 35. g5 Kf7 36. Bg1 Reh8 37. Qe3 Qc7 38. Re1 Qd6 39.
Re2 Rh4 40. Bf2 Rh2+ 41. Kg1 Nb8 42. Bg2 Nc6 43. Bg3 R2h7 44. Kf2 Na7 45.
Ke1 Nc8 46. Kd2 Re8 47. Kc2 Re7 48. Be1 Qc7 49. Kd1 Qd6 50. Kc2 Rc7 51. Kd1
Ke7 52. Kd2 Kd7 53. Kd1 Qe7 54. Qg3 Qf7 55. Re3 Nd6 56. Bd2 Nc4 57. Re2 Rh8
58. Be1 Qh7 59. Kc2 Qh5 60. Bf3 Qh3 61. Qxh3 Rxh3 62. Bg2 Ne3+ 63. Kb3 Nxg2
64. Rxg2 Kd6 65. Bd2 Rch7 66. Kc2 Rh2 67. Rxh2 Rxh2 68. Kd3 Rh3+ 1/2-1/2

[Event "Open"]
[Site "Pula CRO"]
[Date "2009.06.29"]
[Round "3"]
[White "Tratar,M"]
[Black "Hrbolka,L sr"]
[Result "1-0"]
[WhiteElo "2488"]
[BlackElo "2163"]
[EventDate "2009.06.27"]

1. d4 d5 2. c4 c6 3. Nf3 Nf6 4. e3 e6 5. b3 Nbd7 6. Bb2 Be7 7. Bd3 O-O 8.
O-O b6 9. Nc3 Bb7 10. Qe2 c5 11. Rad1 Qc8 12. Ne5 Re8 13. f4 g6 14. Qf2
cxd4 15. exd4 Nc5 16. Nxd5 exd5 17. dxc5 Bxc5 18. Bd4 Re7 19. cxd5 Bxd4 20.
Qxd4 Nxd5 21. Bc4 Nf6 22. Nxf7 Qc5 23. Nd8+ Kh8 24. Qxc5 bxc5 25. Nxb7 Rxb7
26. Rfe1 Kg7 27. Rd6 Rc7 28. Ree6 Rf8 29. g3 Ne8 30. Rc6 Rd7 31. Rxc5 Rd2
32. Re2 1-0

[Event "Open"]
[Site "Pula CRO"]
[Date "2009.06.30"]
[Round "4"]
[White "Smith,Ax"]
[Black "Saric,Iv"]
[Result "1-0"]
[WhiteElo "2383"]
[BlackElo "2576"]
[EventDate "2009.06.27"]

1. d4 d5 2. c4 e6 3. Nf3 Nf6 4. g3 dxc4 5. Bg2 Nc6 6. Qa4 Bb4+ 7. Bd2 Nd5
8. Bxb4 Ndxb4 9. Ne5 O-O 10. Nxc6 Nxc6 11. e3 e5 12. d5 Ne7 13. Qxc4 c6 14.
dxc6 Nxc6 15. O-O Be6 16. Qe2 f5 17. Rd1 Qe7 18. Nc3 e4 19. Nb5 Rfd8 20. b3
a6 21. Nd4 Ne5 22. f3 exf3 23. Bxf3 Bf7 24. Nxf5 Qf6 25. Be4 Nc6 26. Rxd8+
Rxd8 27. Rd1 Rf8 28. Nd6 Bg6 29. Bxg6 Qxg6 30. Qd3 Qxd3 31. Rxd3 Rd8 32.
Rd2 Ne5 33. Rd5 Ng4 34. e4 b5 35. Nb7 Re8 36. Nc5 Nf6 37. Rd4 a5 38. b4
axb4 39. Rxb4 h5 40. Rxb5 Nxe4 41. Nxe4 Rxe4 42. Kf2 h4 43. a3 hxg3+ 44.
hxg3 Ra4 45. Rb3 Kf7 46. Re3 Kf6 47. Ke2 Rd4 48. Rd3 Rc4 49. Kd2 Ke5 50.
Rc3 Ra4 51. Kc2 Kd4 52. Rf3 Ra8 53. a4 g5 54. Ra3 Rc8+ 55. Kd2 Ra8 56. a5
Ra6 57. Ke2 Ke4 58. Ra4+ Ke5 59. Kd3 Rd6+ 60. Ke3 Ra6 61. Kf3 Kf5 62. Ra3
Ke5 63. Kg4 Kf6 64. Rf3+ Kg6 65. Rf5 Rc6 66. Rxg5+ Kh6 67. Rb5 Rc3 68. Rb6+
Kg7 69. a6 Ra3 70. Rb7+ Kg6 71. a7 Ra4+ 72. Kf3 Kf5 73. Ke3 Ra3+ 74. Kd4
Kg4 75. Rg7+ Kf3 76. Kc5 1-0

[Event "Open"]
[Site "Pula CRO"]
[Date "2009.06.30"]
[Round "4"]
[White "Jovanic,O"]
[Black "Gergacz,A"]
[Result "1/2-1/2"]
[WhiteElo "2539"]
[BlackElo "2323"]
[EventDate "2009.06.27"]

1. d4 d5 2. c4 e6 3. Nc3 Nf6 4. cxd5 exd5 5. Bg5 Be7 6. e3 O-O 7. Qc2 h6 8.
Bh4 Re8 9. Bd3 c6 10. Nge2 Nbd7 11. O-O Nf8 12. f3 Ne6 13. Rad1 Qa5 14. a3
Qc7 15. Qc1 b6 16. Bg3 Bd6 17. Kh1 Bxg3 18. Nxg3 c5 19. dxc5 bxc5 20. Nf5
Bd7 21. e4 dxe4 22. Nxe4 Nxe4 23. Bxe4 Bc6 24. Bb1 Qf4 25. Rd6 Qxc1 26.
Rxc1 Bb5 27. h4 Rab8 28. Ba2 Nf4 29. Rxc5 Re1+ 30. Kh2 Re2 31. Kg3 Nh5+ 32.
Kh3 Rxb2 33. Bc4 Bxc4 34. Rxc4 R8b7 35. g4 Nf6 36. h5 Kh7 37. Rc8 Rb8 38.
Rxb8 Rxb8 39. Ra6 Rb3 40. Kg3 Ne4+ 41. Kg2 Ng5 42. Rxa7 Rxf3 43. Rxf7 Rf4
44. Rxg7+ Kh8 45. Rg6 Rxg4+ 46. Kh2 Ra4 47. Rxh6+ Nh7 48. Rd6 Kg8 49. Rg6+
Kh8 50. Ne7 Ra8 51. Rg8+ Rxg8 52. Nxg8 Kxg8 53. a4 Nf6 54. a5 Kg7 55. a6
Nd5 56. Kg3 Kh6 57. Kh4 Nc7 58. a7 Na8 59. Kg4 Nb6 60. Kh4 Na8 61. Kg4 Nb6
62. Kf4 Kxh5 63. Kf5 Na8 64. Kf6 Kh6 65. Kf7 Kh7 66. Ke6 Kg6 67. Kd6 Kf6
68. Kc6 Ke6 69. Kb7 Kd7 70. Kxa8 Kc8 1/2-1/2

[Event "Open"]
[Site "Pula CRO"]
[Date "2009.06.30"]
[Round "4"]
[White "Schachinger,M"]
[Black "Cvitan,O"]
[Result "1/2-1/2"]
[WhiteElo "2350"]
[BlackElo "2523"]
[EventDate "2009.06.27"]

1. e4 c6 2. d4 d5 3. Nc3 dxe4 4. Nxe4 Bf5 5. Ng3 Bg6 6. h4 h6 7. Nf3 Nd7 8.
h5 Bh7 9. Bd3 Bxd3 10. Qxd3 e6 11. Bd2 Ngf6 12. O-O-O Qc7 13. Ne4 O-O-O 14.
g3 Nxe4 15. Qxe4 Bd6 1/2-1/2

[Event "Open"]
[Site "Pula CRO"]
[Date "2009.06.30"]
[Round "4"]
[White "Schulze,U"]
[Black "Sebenik,M"]
[Result "0-1"]
[WhiteElo "2315"]
[BlackElo "2482"]
[EventDate "2009.06.27"]

1. d4 Nf6 2. Nf3 g6 3. c4 Bg7 4. g3 O-O 5. Bg2 d6 6. O-O Nc6 7. Nc3 a6 8.
h3 Bd7 9. e4 e5 10. dxe5 dxe5 11. Be3 Be6 12. c5 Qc8 13. Kh2 h6 14. Qa4 Nd7
15. Nd5 f5 16. Rac1 Rf7 17. Rfd1 f4 18. gxf4 exf4 19. Nxf4 Nde5 20. Ne1 g5
21. Nxe6 Qxe6 22. Qb3 Qxb3 23. axb3 Na5 24. b4 Nac6 25. Nd3 Nxd3 26. Rxd3
Bxb2 27. Rb1 Nxb4 28. Rb3 Be5+ 29. Kg1 a5 30. Bd2 Bd4 31. Bxb4 axb4 32.
Rxb4 Bxc5 33. Rxb7 Rxf2 34. e5 Rd8 35. R7b5 Rc2+ 0-1

[Event "Open"]
[Site "Pula CRO"]
[Date "2009.06.30"]
[Round "4"]
[White "Zelic,Ml"]
[Black "Doric,D"]
[Result "0-1"]
[WhiteElo "2313"]
[BlackElo "2468"]
[EventDate "2009.06.27"]

1. e4 e5 2. f4 exf4 3. Nf3 g5 4. h4 g4 5. Ng5 Nf6 6. Nc3 h6 7. Nxf7 Kxf7 8.
d4 d5 9. Bxf4 Bb4 10. Bd3 Bxc3+ 11. bxc3 dxe4 12. Bc4+ Kg7 13. O-O Qe7 14.
Be5 Rf8 15. Qe2 Nc6 16. Bxf6+ Rxf6 17. Rxf6 Qxf6 18. Qxe4 Bf5 19. Qf4 Rf8
20. Qxc7+ Qe7 21. Qg3 Re8 22. Rf1 Bg6 23. Qxg4 h5 24. Qf3 Qe3+ 25. Kh2 Qxf3
26. Rxf3 Re4 27. Bd3 Rxh4+ 28. Kg3 Rg4+ 29. Kf2 Bxd3 30. cxd3 Rg5 31. g3
Ra5 32. Ke3 Rxa2 33. d5 Ne5 34. Rf5 Nf7 35. Rxh5 a5 36. d6 Kf6 37. d7 Nd8
38. Kd4 Ke6 39. Kc4 a4 40. g4 Kxd7 41. Rh7+ Kc6 42. Rh6+ Kc7 43. d4 Rb2 44.
Rh7+ Kc8 45. Rh1 a3 46. Ra1 a2 47. g5 Kd7 48. g6 Ke7 49. Kd3 b5 50. c4 b4
51. c5 b3 52. Rf1 Rg2 53. g7 b2 0-1